1570 1064 1741 1207 1031 1471 1464 1195 1038 1456 1164 1025 1351 1955 1800 1499 1274 1024 1048 1605 1138 1040 1129 1279 1364 1496 1201 1900 2000 1377 1159 1169 1440 1447 1427 1569 1128 1167 1845 1426 1182 1738 1444 1936 1491 1242 1189 1083 1607 1118 1583 1600 1295 1970 1214 1349 1318 1780 1725 1205 1028 1866 1860 1848 1479 1501 1652 1774 1868 1087 1139 1478 1524 1219 1974 1463 1873 1220 1278 1199 1033 1819 1800 1633 1335 1749 1157 1932 1484 1929 1576 1459 1721 1180 1746 1756 1079 1464 1166 BCNSPRNW ULIB Ver.6.0+V

เปลี่ยนเป็นภาษาไทย

Change to English
 แสดงรายละเอียดบรรณานุกรม
  กลับหน้าหลัก

Brief Record : Get Marc (ISO 2709) : E-mail record : QR code < ปิดหน้าต่าง
LEADER : 00000nam 2200000uu 4500
001    13399109603
003     ULIB
008    110405s2547||||th 000 0 tha d
020    9749507029
060 04 WB537^bพ634น ล.1 2547
100 0  พิศิษฐ เบญจมงคลวารี
245 10 นวดเพื่อผ่อนคลายทั่วร่างกาย /^cโดย พิศิษฐ เบญจมงคลวารี ;บรรณาธิการ, ภัทรวัต เบญจมงคลวารี
250    พิมพ์ครั้งที่ 3
260    กรุงเทพฯ :^bหมอชาวบ้าน,^c2547
300    97 หน้า :^bภาพประกอบ ;^c21 ซม.
440    นวดไทยเพื่อสุขภาพ ;^vล.1
650  7 การนวด
700 0  ภัทรวัต เบญจมงคลวารี,^eบรรณาธิการ
945    ^p95^l0^i017781
945    ^p95^l0^i017780
995    ทศพร
999 ^a ใช้งานได้ทุกระบบ
รายการนี้ยังไม่มีแท็ก
คุณยังไม่ได้ล็อกอิน คุณสามารถมีกิจกรรมร่วมกับเว็บไซต์ได้ แต่ต้องล็อกอินก่อน ::
  ล็อกอิน

รายการสื่อสารสนเทศ

ลำดับที่ ประเภท เลขเรียก/บาร์โค้ด สถานที่ สถานะ
- ไม่พบข้อมูล -

รายการใกล้เคียง
    ผู้แต่ง [พิศิษฐ เบญจมงคลวารี]

    หัวเรื่อง [การนวด]

BibComment


ยังไม่เคยถูกคอมเมนท์

คอมเมนท์ทรัพยากรรายการนี้
  คอมเมนท์: นวดเพื่อผ่อนคลายท..


 Copyright 2026. Bcnsprnw @Library